| 000 | 00351nam a22001457a 4500 | ||
|---|---|---|---|
| 003 | SGT | ||
| 082 | _a345.54,GOE | ||
| 100 | _aGOEL, SUDERSHAN | ||
| 245 | _aCRIME, LAW & ADVICE : EVERYDAY GUIDE TO CRIMINAL LAW PROBLEMS | ||
| 250 | _a1ST | ||
| 260 |
_aNEW DELHI _bUNIVERSAL BOOK _c2013 |
||
| 300 | _a294 | ||
| 650 | _aCRIMINAL LAW | ||
| 942 |
_2ddc _cBK _07 |
||
| 999 |
_c9792 _d9792 |
||